ARRUPE JESUIT UNIVERSITY

CORONAVIRUS -STOP THE SPREAD - CLEAN,DISINFECT,COVER

The theory of the novel: (Record no. 121917)

MARC details
000 -LEADER
fixed length control field 01112cam a2200325 4500
001 - CONTROL NUMBER
control field 774797
003 - CONTROL NUMBER IDENTIFIER
control field ARRUPE
005 - DATE AND TIME OF LATEST TRANSACTION
control field 20150302140234.0
008 - FIXED-LENGTH DATA ELEMENTS--GENERAL INFORMATION
fixed length control field 720807s1971 enk b 001 0 eng
010 ## - LIBRARY OF CONGRESS CONTROL NUMBER
LC control number 72185425
015 ## - NATIONAL BIBLIOGRAPHY NUMBER
National bibliography number B72-07376
020 ## - INTERNATIONAL STANDARD BOOK NUMBER
International Standard Book Number 0850361397
040 ## - CATALOGING SOURCE
Original cataloging agency DLC
Transcribing agency DLC
Modifying agency DLC
041 1# - LANGUAGE CODE
Language code of text/sound track or separate title engger
050 00 - LIBRARY OF CONGRESS CALL NUMBER
Classification number PN3331
Item number .L813 1971b
082 00 - DEWEY DECIMAL CLASSIFICATION NUMBER
Classification number 808.3/3
300 ## - PHYSICAL DESCRIPTION
Dimensions 23 cm.
100 1# - MAIN ENTRY--PERSONAL NAME
Personal name Lukács, György,
Dates associated with a name 1885-1971.
9 (RLIN) 13753
240 10 - UNIFORM TITLE
Uniform title <a href="Theorie des Romans.">Theorie des Romans.</a>
Language of a work English
245 14 - TITLE STATEMENT
Title The theory of the novel:
Remainder of title a historico-philosophical essay on the forms of great epic literature;
Statement of responsibility, etc by Georg Lukács. Translated from the German by Anna Bostock.
260 ## - PUBLICATION, DISTRIBUTION, ETC. (IMPRINT)
Place of publication, distribution, etc London,
Name of publisher, distributor, etc Merlin Press,
Date of publication, distribution, etc 1971.
300 ## - PHYSICAL DESCRIPTION
Extent 160 p.
350 ## - PRICE (NR) (BK AM CF MU VM SE) [OBSOLETE]
Price £2.25
504 ## - BIBLIOGRAPHY, ETC. NOTE
Bibliography, etc Includes bibliographical references.
650 #0 - SUBJECT ADDED ENTRY--TOPICAL TERM
Topical term or geographic name as entry element Fiction
General subdivision History and criticism
-- Theory, etc.
9 (RLIN) 14721
650 #0 - SUBJECT ADDED ENTRY--TOPICAL TERM
Topical term or geographic name as entry element Epic literature
General subdivision History and criticism
-- Theory, etc.
9 (RLIN) 14722
650 #0 - SUBJECT ADDED ENTRY--TOPICAL TERM
Topical term or geographic name as entry element Literary form.
9 (RLIN) 14723
700 ## - ADDED ENTRY--PERSONAL NAME
Personal name Bostock, Anna (tr.)
9 (RLIN) 15682
906 ## - LOCAL DATA ELEMENT F, LDF (RLIN)
a 7
b cbc
c orignew
d 3
e ncip
f 19
g y-gencatlg
942 ## - ADDED ENTRY ELEMENTS (KOHA)
Source of classification or shelving scheme Library of Congress Classification
Koha item type Monograph ( Printed materials)
Holdings
Withdrawn status Lost status Source of classification or shelving scheme Damaged status Not for loan Collection code Home library Current library Shelving location Date acquired Total Checkouts Full call number Barcode Date last seen Price effective from Koha item type
    Library of Congress Classification     Main Collection ARRUPE LIBRARY ARRUPE LIBRARY Main Collection 29/01/2015   PN3331 .L813 1971b 46500003021 27/03/2019 29/01/2015 Monograph ( Printed materials)

 

Arrupe Library. PO Box MP320 Mt Pleasant, Harare, Zimbabwe
263 242 745411|librarian@aju.ac.zw